What Baptists believe; (Record no. 3931)

MARC details
000 -LEADER
fixed length control field 01210cam a22003491 4500
001 - CONTROL NUMBER
control field 455649
003 - CONTROL NUMBER IDENTIFIER
control field GBCCL
005 - DATE AND TIME OF LATEST TRANSACTION
control field 20241126110507.0
008 - FIXED-LENGTH DATA ELEMENTS--GENERAL INFORMATION
fixed length control field 741031s1934 tnu 000 0 eng
010 ## -
-- 35002874
029 1# -
-- AU@
-- 000022298246
035 ## - SYSTEM CONTROL NUMBER
System control number (OCoLC)ocm01063280
035 ## - SYSTEM CONTROL NUMBER
System control number (OCoLC)1063280
Canceled/invalid control number (OCoLC)855166026
040 ## - CATALOGING SOURCE
Original cataloging agency DLC
Language of cataloging eng
Transcribing agency IVD
Modifying agency DLC
-- OCLCQ
-- OCLCG
-- CHC
-- OCLCA
-- OCLCF
-- BHB
-- LBB
049 ## -
-- LBBA
050 00 -
-- BX6335
-- .W3 1934
082 04 - DEWEY DECIMAL CLASSIFICATION NUMBER
Classification number 238.6
Item number WAL
090 ## - LOCALLY ASSIGNED LC-TYPE CALL NUMBER (OCLC); LOCAL CALL NUMBER (RLIN)
Classification number (OCLC) (R) ; Classification number, CALL (RLIN) (NR) BX6335
Local cutter number (OCLC) ; Book number/undivided call number, CALL (RLIN) .W3 1934
100 1# - MAIN ENTRY--PERSONAL NAME
Personal name Wallace, O. C. S.
Fuller form of name (Oates Charles Symonds),
Dates associated with a name 1856-
9 (RLIN) 9387
245 10 - TITLE STATEMENT
Title What Baptists believe;
Remainder of title the New Hampshire confession, an exposition
Statement of responsibility, etc. [by] O.C.S. Wallace ...
260 ## - PUBLICATION, DISTRIBUTION, ETC.
Place of publication, distribution, etc. Nashville, Tenn.,
Name of publisher, distributor, etc. Sunday school board of the Southern Baptist Convention
Date of publication, distribution, etc. [1934]
300 ## - PHYSICAL DESCRIPTION
Extent 128 pages
Dimensions 19 cm
336 ## - CONTENT TYPE
Content type term text
Content type code txt
Source rdacontent
337 ## - MEDIA TYPE
Media type term unmediated
Media type code n
Source rdamedia
338 ## - CARRIER TYPE
Carrier type term volume
Carrier type code nc
Source rdacarrier
650 #0 - SUBJECT ADDED ENTRY--TOPICAL TERM
Topical term or geographic name entry element Baptists
Form subdivision Catechisms.
9 (RLIN) 9388
650 #7 - SUBJECT ADDED ENTRY--TOPICAL TERM
Topical term or geographic name entry element Baptists.
Source of heading or term fast
Authority record control number or standard number (OCoLC)fst00827285
9 (RLIN) 2887
650 #4 - SUBJECT ADDED ENTRY--TOPICAL TERM
Topical term or geographic name entry element Dogma
General subdivision Baptist.
9 (RLIN) 9389
655 #7 - INDEX TERM--GENRE/FORM
Genre/form data or focus term Catechisms.
Source of term fast
Authority record control number or standard number (OCoLC)fst01423719
9 (RLIN) 9390
740 0# -
-- New Hampshire confession.
942 ## - ADDED ENTRY ELEMENTS (KOHA)
Source of classification or shelving scheme Dewey Decimal Classification
Koha item type Books
Koha issues (borrowed), all copies 3
Holdings
Withdrawn status Lost status Source of classification or shelving scheme Damaged status Not for loan Home library Current Library Shelving location Date acquired Total checkouts Total renewals Full call number Barcode Date last seen Date last checked out Copy number Price effective from Koha item type
    Dewey Decimal Classification     GRACE BIBLE COLLEGE GRACE BIBLE COLLEGE Theology 2017-12-18 3 1 238.6 WAL 009284 2025-05-01 2024-09-26 c.1 2017-12-18 Books
© Grace Bible College Library 2025